00875cam a2200253 a 4500999001500000001000600015003000900021005001700030008004100047020001600088020001800104040003800122082001600160100002100176245011100197260003200308300002900340504005100369650003000420700002200450700002300472942001200495952011400507 c3898d389813507BD-DhUAP20200315113154.0200315s1998 bg abf b f000 0 eng  a0333306449  a9780333306444 aBD-DhUAPcBD-DhUAPdBD-DhUAPbEng a415 LEE223 aLeech, Geoffrey. aEnglish grammar for today :ba new introduction /cGeoffrey Leech, Margaret Deuchar and Robert Hoogenraad. aLondon :bPalgrave,cc1988. axvi, 224 pages ;c22 cm. aIncludes bibliographical references and index. aEnglish languagevGrammar aDeuchar, Margaret aHoogenraad, Robert 2ddccBK 00102ddc4070aUAPCLbUAPCLcGeneral Stacksd2020-03-15o415 LEEp3010013507r2020-03-15t1w2020-03-15yBK